000 00729njm a2200289 c 4500
003 BLK
005 20240521133253.0
008 180410b bul||n||s|||||||| n|bulo|
010 _aCDD00003743000
040 _aBLK
041 _aBUL
_cENG
080 _aДжаз
_b78.036.9
_z78.036.9
139 _aBlues collective [аудио CD]
_bB 68
245 1 0 _aBlues collective [аудио CD]
257 _aBGR
260 _c1996
380 _a7
590 _aS.N: 93089 от КНИГИ
852 _aЦб CD 2368
_p0
856 4 _qpdf
_u
856 4 _qpdf
_u
942 _cCDD
_n0
944 _aCR
_c15.12.2009
_k30570
_lМоника Янева
944 _aED
_c15.12.2009
999 _c221242
_d221242
999 _d221242
999 _d221242